Normal view
MARC view
- Fernandez, Digna DR.,
Entry Personal Name
001 - CONTROL NUMBER
- control field: 5691
003 - CONTROL NUMBER IDENTIFIER
- control field: URS
005 - DATE AND TIME OF LATEST TRANSACTION
- control field: 20230802094335.0
008 - FIXED-LENGTH DATA ELEMENTS
- fixed length control field: 230802|| aca||aabn | a|a d
040 ## - CATALOGING SOURCE
- Original cataloging agency: URS
100 ## - HEADING--PERSONAL NAME
- Personal name: Fernandez, Digna DR.,
- Relator term: author.


































